000 00631nam a2200205Ii 4500
003 JO-AjNU
008 230605s9999||||xx |||||||||||||| ||und||
040 _aJO-AjNU
_bara
_erda
_cJO-AjNU
041 _aara
050 1 4 _aDS247065.S22 1993
100 3 _aالصباغ، عبد الكريم,
_eauthor
_940485
245 0 0 _aعمان وعمانيون: تاريخ وانطباعات
250 _aط1
264 3 1 _aدمشق: المؤلف، 1993
300 _a270ص
336 _atext
_btxt
_2rdacontent
337 _aunmediated
_bn
_2rdamedia
338 _avolume
_bnc
_2rdacarrier
650 4 _aسلطة عمان-تاريخ
_940486
999 _aA17185
_c20753
_d20753